Español para extranjeros (Record no. 23026)

MARC details
000 -LEADER
campo de control de longitud fija 00873nam a2200229 i 4500
001 - NÚMERO DE CONTROL
campo de control 23026
003 - IDENTIFICADOR DE NÚMERO DE CONTROL
campo de control ES-MaACL
005 - FECHA Y HORA DE LA ÚLTIMA TRANSACCIÓN
campo de control 20250328165641.0
007 - CAMPO FIJO DE DESCRIPCIÓN FÍSICA--INFORMACIÓN GENERAL
campo de control de longitud fija t|
008 - DATOS DE LONGITUD FIJA--INFORMACIÓN GENERAL
campo de control de longitud fija 021205s1966 sp ||||1| spa d
100 1# - ENTRADA PRINCIPAL--NOMBRE DE PERSONA
Nombre de persona Alonso, Martín.
9 (RLIN) 20234
245 10 - MENCIÓN DEL TÍTULO
Título Español para extranjeros
Resto del título : conversación, traducción, correspondencia, vocabulario... /
Mención de responsabilidad, etc. Martín Alonso.
250 ## - MENCION DE EDICION
Mención de edición [4ª ed.].
260 ## - PUBLICACIÓN, DISTRIBUCIÓN, ETC.
Lugar de publicación, distribución, etc. [Madrid] :
Nombre del editor, distribuidor, etc. Aguilar,
Fecha de publicación, distribución, etc. [1966]
300 ## - DESCRIPCIÓN FÍSICA
Extensión XX, 329 p. :
Otras características físicas il., 1 map. col. pleg. ;
Dimensiones 18 cm.
510 ## - NOTA DE CITAS O REFERENCIAS BIBLIOGRÁFICAS
Nombre de la fuente CCPB,
Localización dentro de la fuente 001337527-X
852 ## - LOCALIZACIÓN
Ubicación ES-MaACL
Número de control de estantería D-6299
Sublocalización o colección R.29243
-- R.M.5894
itemnumber 23868
Ubicación en estantería Sala Valle Inclán
Marcas de propiedad Sello en tinta azul de la Biblioteca del Ateneo de Madrid
942 ## - ELEMENTOS DE ENTRADA SECUNDARIOS (KOHA)
Fuente del sistema de clasificación o colocación Clasificación decimal universal
Tipo de ítem Koha Libro impreso
Holdings
Estatus retirado Estado de pérdida Estado de daño No para préstamo Biblioteca de origen Biblioteca actual Ubicación en estantería Fecha de adquisición Fuente de adquisición Total de préstamos Signatura topográfica completa Código de barras Visto por última vez Precio de reemplazo Tipo de ítem Koha
        Biblioteca del Ateneo de Madrid Biblioteca del Ateneo de Madrid Sala Valle Inclán 17/01/2008     D-6299 901023720 23/02/2023 23/02/2023 Libro impreso